[Event "Challenge"]
[Site "http://www.queenalice.com/game.php?id=1373173"]
[Date "2015.7.24"]
[Round "-"]
[White "cyrano"]
[Black "Schichtl"]
[Result "0-1"]
[WhiteElo "1682"]
[BlackElo "1665"]

1. e4 e5 2. g3 g6 3. d4 Bg7 4. d5 d6 5. c4 Nf6 6. f3 O-O 7. h4 Nh5 8. Ne2 Na6 9.
a3 Qf6 10. Bg2 Qd8 11. g4 Nf6 12. Bg5 h6 13. Bd2 Qd7 14. Nbc3 Nc5 15. Be3 b6 16.
b4 Nb7 17. Bh3 Nh7 18. g5 Qe7 19. Bg2 h5 20. Nb5 a6 21. Nbc3 a5 22. Qa4 Bd7 23.
b5 f6 24. Ng3 fxg5 25. hxg5 Nxg5 26. O-O-O Nxf3 27. Rdf1 Nd4 28. Qd1 Bg4 29. Qc2
Nxc2 30. Kxc2 Rxf1 31. Bxf1 Bf3 32. Rg1 Qh4 33. Bd3 Nc5 34. Bf1 Qh2+ 35. Kb1 Bh6
36. Bxh6 Qxg1 37. Nge2 Bxe2 38. Nxe2 Qxf1+ 39. Nc1 Qf2 40. Na2 Nd3 41. Bc1 Rf8
42. Nc3 Qg2 43. Nd1 Rf1 44. Ne3 Rxc1# 0-1

[Event "Challenge"]
[Site "http://www.queenalice.com/game.php?id=1375234"]
[Date "2015.8.3"]
[Round "-"]
[White "Schichtl"]
[Black "cyrano"]
[Result "0-1"]
[WhiteElo "1682"]
[BlackElo "1649"]

1. e4 e5 2. Nf3 f6 3. Bd3 c5 4. Bc4 Ne7 5. b3 d5 6. Be2 dxe4 7. Nh4 g5 8. Nf3
exf3 9. Bxf3 g4 10. Be2 h5 11. Nc3 a6 12. Ne4 Nd5 13. c4 Nf4 14. O-O Qd4 15. Nc3
b5 16. Bb2 b4 17. Na4 Qe4 18. f3 Nxe2+ 19. Kh1 Qd3 20. Re1 gxf3 21. h3 Ng3+ 22.
Kh2 f2 23. Nb6 fxe1=Q 24. Qxe1 Ra7 25. Nxc8 Rg7 26. Bxe5 Ne4 27. Bxb8 f5 28.
Nd6+ Bxd6+ 29. Bxd6 Qxd6+ 30. Kg1 Rhg8 31. g4 hxg4 32. h4 Qd4+ 33. Kf1 g3 0-1

[Event "Challenge"]
[Site "http://www.queenalice.com/game.php?id=1377057"]
[Date "2015.8.12"]
[Round "-"]
[White "cyrano"]
[Black "Schichtl"]
[Result "1-0"]
[WhiteElo "1682"]
[BlackElo "1665"]

1. e4 e5 2. d4 f6 3. d5 d6 4. c4 Na6 5. b4 Nxb4 6. Qa4+ Qd7 7. Qxb4 c5 8. Qb3 b6
9. a4 a5 10. h3 Ne7 11. Nc3 Rb8 12. Be2 g6 13. g4 g5 14. Nb5 Ng6 15. Ra3 Bh6 16.
Nf3 O-O 17. h4 Nf4 18. hxg5 Bg7 19. gxf6 Rxf6 20. g5 Rf8 21. Bf1 Rd8 22. Nh4 Qg4
23. g6 h6 24. Nf5 Ng2+ 25. Bxg2 Qxg2 26. Qf3 Qxf3 27. Rxf3 Bxf5 28. exf5 Rf8 29.
Nxd6 Rbd8 30. Ne4 Rd7 31. f6 Ra7 32. Rhh3 Rc8 33. fxg7 Kxg7 34. Rxh6 Rf8 35.
Rh7+ Kxg6 36. Rh6+ Kg7 37. Rg3+ Kf7 38. Nd6+ Ke7 39. Rg7+ Kd8 40. Rxa7 1-0

[Event "Challenge"]
[Site "http://www.queenalice.com/game.php?id=1377670"]
[Date "2015.8.15"]
[Round "-"]
[White "Schichtl"]
[Black "whitehope"]
[Result "0-1"]
[WhiteElo "1625"]
[BlackElo "1459"]

1. e3 d5 2. d4 Nf6 3. Nf3 Ne4 4. Nc3 e6 5. Bd3 f5 6. O-O g5 7. g3 h5 8. Ne5 Bg7
9. Be2 Bxe5 10. dxe5 Nc6 11. Bxh5+ Kf8 12. Be2 Nxe5 13. Qd4 Qf6 14. f3 c5 15.
Qa4 Bd7 16. Qb3 Nxc3 17. bxc3 b6 18. Ba3 Rc8 19. Ba6 Qh6 20. Rf2 Nxf3+ 21. Kf1
Nxh2+ 22. Ke2 Qh5+ 23. Ke1 Nf3+ 24. Ke2 Nd4+ 25. Kd3 Nxb3 26. axb3 Rd8 27. Rg1
Kg7 28. g4 Qh4 29. Rgg2 fxg4 30. Bb2 e5 31. c4 d4 32. Bb7 g3 33. Rf3 Qg4 34.
Rgxg3 Bf5+ 35. e4 Bxe4+ 36. Bxe4 Qh4 37. Bd5 Qh7+ 38. Be4 Qh4 39. Bf5 Rdf8 40.
Rg2 Kh6 41. Bc1 Rxf5 42. Rxf5 Qh3+ 43. Ke4 Qxg2+ 44. Kxe5 Re8+ 45. Kd6 Qg4 46.
Rf7 Qe6+ 0-1

[Event "Challenge"]
[Site "http://www.queenalice.com/game.php?id=1377671"]
[Date "2015.8.15"]
[Round "-"]
[White "whitehope"]
[Black "Schichtl"]
[Result "1-0"]
[WhiteElo "1434"]
[BlackElo "1650"]

1. e4 e5 2. Nf3 d6 3. d4 f6 4. dxe5 dxe5 5. Qxd8+ Kxd8 6. Be2 b6 7. O-O Bb7 8.
Be3 Bxe4 9. c4 Bd6 10. Nc3 Bg6 11. Nh4 Bf7 12. Nf5 Bf8 13. Bf3 c6 14. Rad1+ Kc7
15. Nb5+ Kc8 16. Nbd6+ Kd7 17. Nxf7+ Ke6 18. Nxh8 Kxf5 19. Rd8 Nh6 20. Rxf8 e4
21. g4+ Nxg4 22. Bxg4+ Kxg4 23. Kg2 c5 24. h3+ Kf5 25. f3 a6 26. fxe4+ Ke5 27.
Re8+ Kd6 28. Rd1+ Kc6 29. Re7 b5 30. Nf7 Kb6 31. Re8 bxc4 32. Rd6+ Kb5 33. Re7
Nc6 34. Rb7+ Ka5 35. Rxc6 Ka4 36. Bxc5 a5 37. b3+ cxb3 38. axb3# 1-0

[Event "Challenge"]
[Site "http://www.queenalice.com/game.php?id=1377907"]
[Date "2015.8.16"]
[Round "-"]
[White "cyrano"]
[Black "Schichtl"]
[Result "0-1"]
[WhiteElo "1661"]
[BlackElo "1627"]

1. e4 e5 2. Qf3 d6 3. Bc4 Be6 4. b3 Bxc4 5. bxc4 Nc6 6. c3 Qe7 7. Na3 O-O-O 8.
Qe3 Kb8 9. Nf3 h6 10. Nb5 a6 11. Na3 Nf6 12. h3 Nh5 13. d4 Nf4 14. Rh2 Ng6 15.
d5 Na5 16. Rb1 Qd7 17. g4 Be7 18. h4 Qxg4 19. Rb4 Rde8 20. Ra4 b6 21. Nc2 Nf4
22. Kd2 Bd8 23. Nb4 Nxc4+ 24. Kc2 Nxe3+ 25. Bxe3 a5 26. Nc6+ Kb7 27. Nd2 f5 28.
Rh1 Qg2 29. Rb1 Kc8 30. Na7+ Kd7 31. Nc6 Bxh4 32. Rf1 fxe4 33. Rxe4 Rhf8 34. Na7
Qg6 35. Rh1 Bg5 36. Rg1 Qf5 37. Kd1 Nh3 38. Rg3 Nxf2+ 39. Bxf2 Qxf2 40. Rd3 Qg1+
41. Re1 Qc5 42. Ne4 Qa3 43. Nxg5 Qxa2 44. Ne4 Rf4 45. c4 Ref8 46. Rd2 Qxc4 47.
Rc2 Qd3+ 48. Rd2 Qb1+ 49. Ke2 Rxe4# 0-1

[Event "Challenge"]
[Site "http://www.queenalice.com/game.php?id=1378420"]
[Date "2015.8.18"]
[Round "-"]
[White "whitehope"]
[Black "Schichtl"]
[Result "0-1"]
[WhiteElo "1504"]
[BlackElo "1682"]

1. e4 e5 2. d4 Qh4 3. Nf3 Qxe4+ 4. Be2 exd4 5. Nxd4 Qxg2 6. Bf3 Qg6 7. Qe2+ Be7
8. Nc3 Nc6 9. Nxc6 bxc6 10. Bf4 Kd8 11. h4 Rb8 12. b3 Bb4 13. O-O-O Bxc3 14.
Rhg1 Qf5 15. Bd2 Bf6 16. Rge1 Ne7 17. Bg5 Bxg5+ 18. hxg5 Qxg5+ 19. Kb1 Nd5 20.
Rg1 Qf6 21. Bxd5 cxd5 22. Rxd5 Re8 23. Qh5 h6 24. Rf5 g6 25. Rxf6 gxh5 26. Rxh6
Rb5 27. c4 Rf5 28. Rg2 Bb7 29. Rh2 Bf3 30. Rh3 Re2 31. Rh8+ Ke7 32. Rh2 Rg5 0-1

[Event "Challenge"]
[Site "http://www.queenalice.com/game.php?id=1378421"]
[Date "2015.8.19"]
[Round "-"]
[White "Schichtl"]
[Black "whitehope"]
[Result "1-0"]
[WhiteElo "1658"]
[BlackElo "1493"]

1. e4 e5 2. d3 d5 3. Nf3 Bd6 4. exd5 Nf6 5. c4 Na6 6. a3 Nc5 7. b4 e4 8. bxc5
Bxc5 9. d4 Bd6 10. Nfd2 Ng4 11. g3 Qf6 12. Nxe4 Qf5 13. Qe2 O-O 14. Bh3 h5 15.
f3 Qd7 16. fxg4 Re8 17. O-O Qa4 18. Nbc3 Qb3 19. Qd3 hxg4 20. Bg2 Bf5 21. Rxf5
g6 22. Rg5 b5 23. Nf6+ 1-0

[Event "Challenge"]
[Site "http://www.queenalice.com/game.php?id=1379486"]
[Date "2015.8.25"]
[Round "-"]
[White "Schichtl"]
[Black "cyrano"]
[Result "1-0"]
[WhiteElo "1654"]
[BlackElo "1659"]

1. e4 e5 2. d3 d5 3. c3 d4 4. c4 Bb4+ 5. Bd2 Qd6 6. Qa4+ Bd7 7. Qxb4 Nc6 8. Qxd6
cxd6 9. Na3 f5 10. Nb5 Kd8 11. Nxd6 Kc7 12. Nxf5 g6 13. Ng3 h5 14. Nf3 h4 15.
Ne2 Nf6 16. h3 a5 17. Bg5 Ne8 18. Nxh4 Rh5 19. Nf3 Nb4 20. Kd2 a4 21. a3 Nc6 22.
g4 Bxg4 23. Bg2 Bxf3 24. Bxf3 Rxg5 25. h4 Rh5 26. Bxh5 gxh5 27. Ng3 Ng7 28. Rhg1
Rf8 29. Rg2 Ne7 30. Rag1 Rf6 31. Ne2 Ne8 32. Ke1 Kd7 33. Rg5 Kd6 34. Rxh5 Ng6
35. Rh7 Ne7 36. Rh8 Kd7 37. h5 Rb6 38. f3 Rxb2 39. h6 Rb3 40. h7 Nf6 41. Rh1
Rb1+ 42. Kd2 Rxh1 43. c5 Nxh7 44. Ra8 b5 45. cxb6 Rb1 46. Ra7+ Kd6 47. b7 Ng5
48. f4 Nc6 49. Rxa4 Rxb7 50. fxg5 Rg7 51. Ra6 Rxg5 52. Nc1 Kc5 53. Nb3+ Kb5 54.
Ra8 Rg2+ 55. Kc1 Rg3 56. Kc2 Kb6 57. a4 Nb4+ 58. Kb2 Nxd3+ 59. Kc2 Nb4+ 60. Kb2
Nd3+ 61. Kc2 Nf2 62. Nd2 Rg2 63. a5+ Kb5 64. Kb3 Nd3 65. Nc4 Re2 66. Rb8+ Kc5
67. a6 Nc1+ 68. Ka4 Ra2+ 69. Na3 Nd3 70. a7 Nb2+ 71. Kb3 Na4 72. Kxa4 d3 73.
a8=Q d2 74. Qd5# 1-0

[Event "Challenge"]
[Site "http://www.queenalice.com/game.php?id=1380072"]
[Date "2015.8.28"]
[Round "-"]
[White "Camy"]
[Black "Schichtl"]
[Result "1-0"]
[WhiteElo "1780"]
[BlackElo "1670"]

1. e3 e5 2. Nc3 c6 3. d4 d6 4. dxe5 dxe5 5. Qxd8+ Kxd8 6. Nf3 f6 7. Bc4 Ne7 8.
O-O Na6 9. e4 Bd7 10. Be3 Nb4 11. Rad1 Kc7 12. Rd2 Nc8 13. Rfd1 Nd6 14. Bc5 Nd5
15. Bxd5 cxd5 16. Bxd6+ Bxd6 17. Nxd5+ Kc6 18. Nxf6 1-0

[Event "Challenge"]
[Site "http://www.queenalice.com/game.php?id=1388362"]
[Date "2015.10.9"]
[Round "-"]
[White "cyrano"]
[Black "Schichtl"]
[Result "0-1"]
[WhiteElo "1641"]
[BlackElo "1667"]

1. e4 e5 2. c4 c6 3. a3 Nf6 4. d3 d6 5. f3 Na6 6. h3 Nh5 7. Ne2 Nc5 8. b4 Nd7 9.
g4 Nhf6 10. f4 Be7 11. Ng3 h6 12. Nf5 O-O 13. h4 Nb8 14. g5 Nh7 15. gxh6 g6 16.
Rg1 Bf6 17. Be3 Bxf5 18. exf5 Bxh4+ 19. Kd2 Qf6 20. Nc3 Qxf5 21. Ne4 Rd8 22. Qf3
d5 23. Bh3 dxe4 24. Bxf5 exf3 25. Bxg6 fxg6 26. Rxg6+ Kh8 27. fxe5 Nd7 28. Rh1
Nxe5 29. Rgg1 Rxd3+ 30. Kc2 Rxe3 31. Rxh4 f2 32. Rf1 Rf8 33. Kd2 Rxa3 34. Ke2
Nf3 35. Re4 Ra2+ 36. Kd3 Nhg5 37. Re7 Nh2 38. Re2 Rxe2 39. Kxe2 Nxf1 40. Kxf1
Nh3 41. c5 Rf4 42. b5 cxb5 43. c6 bxc6 44. h7 Kxh7 45. Kg2 f1=Q+ 46. Kg3 Qd3+
47. Kg2 Rf2+ 48. Kh1 Qf1# 0-1

[Event "Challenge"]
[Site "http://www.queenalice.com/game.php?id=1389582"]
[Date "2015.10.17"]
[Round "-"]
[White "DanielAlvesGarciaSantosSilva"]
[Black "Schichtl"]
[Result "0-1"]
[WhiteElo "1511"]
[BlackElo "1649"]

1. e4 e5 2. Bc4 c6 3. d3 d5 4. Bb3 Nf6 5. Bg5 h6 6. Bh4 g5 7. Bg3 Qd6 8. f3 Nbd7
9. a3 Nc5 10. Nd2 Nxb3 11. Nxb3 d4 12. Ne2 c5 13. c3 b6 14. Nd2 Ba6 15. c4 Nh5
16. O-O Bb7 17. Bf2 Bg7 18. g4 Nf4 19. Nb3 Nxe2+ 20. Qxe2 Bc6 21. a4 O-O 22. Be1
a5 23. Nd2 Qg6 24. b3 Be8 25. Bg3 f6 26. Nb1 h5 27. h4 gxh4 28. Bxh4 Bd7 29. Kh1
hxg4 30. Rg1 Qh5 31. Qf2 gxf3 32. Nd2 Bg4 33. Qg3 f5 34. exf5 Rxf5 35. Raf1 Raf8
36. Nxf3 Rxf3 37. Rxf3 Rxf3 38. Qxg4 Qxg4 39. Rxg4 Kf7 40. Rg3 Rf1+ 41. Rg1 Rf4
42. Bd8 Rf3 43. Rd1 e4 44. Bxb6 Rxd3 45. Rxd3 exd3 46. Bxa5 Bh6 47. Kg1 d2 0-1

[Event "Challenge"]
[Site "http://www.queenalice.com/game.php?id=1389583"]
[Date "2015.10.17"]
[Round "-"]
[White "DanielAlvesGarciaSantosSilva"]
[Black "Schichtl"]
[Result "1-0"]
[WhiteElo "1477"]
[BlackElo "1691"]

1. e4 e6 2. a3 e5 3. Bc4 Ne7 4. d3 c6 5. Nf3 f6 6. Be3 b5 7. Bb3 Ng6 8. Nbd2 Na6
9. h3 Nc5 10. g3 Nxb3 11. Nxb3 d6 12. Qd2 d5 13. exd5 Qxd5 14. Qe2 e4 15. dxe4
Qxe4 16. O-O-O Bb7 17. Qd2 Qd5 18. Rhe1 Rd8 19. Bb6+ Be7 20. Bxd8 Kxd8 21. Qe3
Qxd1+ 22. Rxd1+ Ke8 23. Qxa7 Kf7 24. Qxb7 Re8 25. Qxc6 b4 26. a4 Bf8 27. Rd7+
Ne7 28. Qc4+ Kg6 29. Nh4+ Kh6 30. Nd4 g6 31. Qf7 Rc8 32. Qxf6 1-0

[Event "Challenge"]
[Site "http://www.queenalice.com/game.php?id=1389905"]
[Date "2015.10.19"]
[Round "-"]
[White "cyrano"]
[Black "Schichtl"]
[Result "1-0"]
[WhiteElo "1650"]
[BlackElo "1666"]

1. e4 e5 2. g3 Qf6 3. f3 Bc5 4. d3 Nh6 5. h4 Ng4 6. Nh3 Nh6 7. a3 O-O 8. b4 Bd6
9. c4 c5 10. Bg5 Qg6 11. Nc3 f6 12. Be3 Qxg3+ 13. Bf2 Qg6 14. Nb5 Nf7 15. Rg1
Qh5 16. bxc5 a6 17. Nxd6 Nxd6 18. cxd6 Nc6 19. Be2 Nd4 20. Bxd4 exd4 21. Rg4 f5
22. Nf4 Qh6 23. exf5 Rxf5 24. Nd5 Qxd6 25. Qb3 Kf8 26. Nb6 Rb8 27. Nxc8 Rxc8 28.
Qxb7 Rd8 29. Qe4 Rf6 30. Qxh7 g6 31. h5 Qe7 32. Qxe7+ Kxe7 33. hxg6 Rg8 34. g7
Rh6 35. Kd2 Rd6 36. Rh1 Kf7 37. Rh7 a5 38. f4 Kf6 39. Rg5 Re6 40. Bg4 Re7 41. f5
Kxg5 42. Bh3 Rgxg7 43. Rxg7+ Rxg7 44. c5 Rf7 45. a4 Kh4 46. Bg2 Rxf5 47. Bb7
Rxc5 48. Ke2 Kg3 49. Be4 Rc3 50. Bf5 d6 51. Bg6 Rc2+ 52. Kd1 Rh2 53. Kc1 Ra2 54.
Be8 Kf3 55. Kb1 Rxa4 56. Bxa4 Kf4 57. Kb2 Ke5 58. Bc6 Kf4 59. Kb3 Ke3 60. Bb5
Kd2 61. Kc4 Ke3 62. Kb3 Kd2 63. Ka4 Kc2 64. Kxa5 Kc3 65. Kb6 Kb4 66. Kc6 Ka5 67.
Bc4 Kb4 68. Bg8 Kc3 69. Bh7 Kb4 70. Kxd6 Kc3 71. Kd5 Kb4 72. Kxd4 1-0

[Event "Challenge"]
[Site "http://www.queenalice.com/game.php?id=1395506"]
[Date "2015.11.22"]
[Round "-"]
[White "naugard47"]
[Black "Schichtl"]
[Result "0-1"]
[WhiteElo "1687"]
[BlackElo "1659"]

1. e4 e5 2. Nc3 c6 3. Bc4 b5 4. d4 bxc4 5. d5 Nf6 6. d6 Qb6 7. Nh3 c5 8. Nd5
Qxd6 9. Nc3 Qxd1+ 10. Kxd1 h6 11. f3 Ba6 12. Nf2 Be7 13. g4 Nc6 14. f4 Bb7 15.
f5 O-O 16. a3 d6 17. Rb1 Rad8 18. h3 Nd4 19. Rf1 d5 20. Bd2 Nf3 21. b3 dxe4 22.
bxc4 Nxd2 0-1

[Event "Challenge"]
[Site "http://www.queenalice.com/game.php?id=1397198"]
[Date "2015.12.3"]
[Round "-"]
[White "Schichtl"]
[Black "naugard47"]
[Result "0-1"]
[WhiteElo "1663"]
[BlackElo "1695"]

1. e4 e5 2. Qf3 Nf6 3. Bc4 Nc6 4. c3 d6 5. h3 h6 6. Ne2 a6 7. O-O Na5 8. Bd3 Be6
9. Ng3 Qd7 10. Na3 O-O-O 11. Nh5 Nxh5 12. Qxh5 g6 13. Qf3 h5 14. Qe3 Kb8 15. b4
Bh6 16. Qg3 Bf4 17. Qf3 Nc6 18. Re1 Na7 19. Bc4 Rdf8 20. Bxe6 Qxe6 21. d3 Bxc1
22. Rexc1 f5 23. Nc4 fxe4 24. Qxe4 Rf4 25. Qe3 Rhf8 26. Rc2 e4 27. Rd2 d5 28.
Na3 Qc6 29. Rc1 Qa4 30. Nb1 Qe8 31. d4 Nc8 32. Qg3 h4 33. Qg5 Nd6 34. Qxd5 R8f5
35. Qb3 e3 36. Re2 exf2+ 37. Kf1 Re4 38. Rxe4 Nxe4 39. g4 Ng3+ 40. Kg2 f1=Q+ 41.
Rxf1 Qe2+ 0-1

[Event "Challenge"]
[Site "http://www.queenalice.com/game.php?id=1399115"]
[Date "2015.12.16"]
[Round "-"]
[White "edemarc"]
[Black "Schichtl"]
[Result "0-1"]
[WhiteElo "1531"]
[BlackElo "1687"]

1. e4 e5 2. Nf3 f6 3. d4 Bd6 4. d5 Nh6 5. c4 Bb4+ 6. Bd2 Bc5 7. b4 Be7 8. c5 d6
9. Bb5+ c6 10. dxc6 bxc6 11. Ba4 Bb7 12. Qb3 Kf8 13. Qe6 Qd7 14. Bb3 Qxe6 15.
Bxe6 dxc5 16. O-O cxb4 17. Re1 Bc5 18. Rc1 Bb6 19. Ne1 Ke7 20. Bh3 a5 21. Rc2 c5
22. Be3 Nd7 23. Nd2 Rhd8 24. Nc4 Bc7 25. Rd1 Nb6 26. Nd2 Na4 27. Bxc5+ Nxc5 28.
Rxc5 Bb6 29. Rc4 Rd6 30. Nef3 Ba6 31. Rc2 Bd3 32. Nc4 Bxc2 33. Rxd6 Bd8 34. Rd7+
Kf8 35. Nd6 Ba4 36. Rb7 Ra6 37. Nc4 Rc6 38. Nfd2 Nf7 39. Bf5 Rc5 40. Be6 Nd6 41.
g3 Nxb7 42. Kg2 Bc7 43. Bc8 Nd6 44. Ba6 Rc6 45. f4 Rxa6 46. fxe5 Nxc4 47. Nxc4
Bc6 48. Nd2 Bxe5 49. Kf3 Bd7 50. Nc4 Bc7 51. Kg2 Rc6 52. Nb2 Rc2+ 53. Kf3 Rxb2
54. h4 Rxa2 55. Ke3 b3 56. Kd3 Bc6 57. Kc3 a4 58. Kb4 Bxe4 59. Kb5 b2 60. Kb4
b1=Q+ 61. Kc5 Qd3 62. g4 Rc2+ 63. Kb4 Qb3# 0-1

[Event "OS INCLIVES"]
[Site "http://www.queenalice.com/game.php?id=1399311"]
[Date "2015.12.17"]
[Round "-"]
[White "adelio"]
[Black "Schichtl"]
[Result "1-0"]
[WhiteElo "1746"]
[BlackElo "1676"]

1. d4 d5 2. e4 e6 3. e5 Nc6 4. Be2 g6 5. h4 h5 6. Nf3 a6 7. Ng5 Bh6 8. Nxf7 Kxf7
9. Bxh5 Bxc1 10. Bxg6+ Kxg6 11. h5+ Kf7 12. Qxc1 Nxd4 13. Qf4+ Nf5 14. g4 c5 15.
gxf5 exf5 16. Nd2 Be6 17. Nf3 Ke8 18. Ng5 Bd7 19. O-O-O Ne7 20. e6 Bc6 21. Nf7
Qc8 22. Nxh8 Qxe6 23. Rhe1 Qg8 24. Ng6 Kd7 25. Rxe7+ 1-0

[Event "OS INCLIVES"]
[Site "http://www.queenalice.com/game.php?id=1399312"]
[Date "2015.12.17"]
[Round "-"]
[White "Schichtl"]
[Black "adelio"]
[Result "1-0"]
[WhiteElo "1666"]
[BlackElo "1769"]

1. e4 a6 2. Nc3 c5 3. Bc4 e6 4. e5 d6 5. Nf3 Be7 6. O-O b5 7. Be2 Nc6 8. Ne4
Nxe5 9. b3 Nxf3+ 10. Bxf3 d5 11. Ng3 Ra7 12. d3 Rd7 13. Qe1 g6 14. Be3 e5 15.
Bd1 Bb7 16. Bxc5 d4 17. Qxe5 f6 18. Qe2 Rd5 19. Bxe7 Nxe7 20. Ne4 O-O 21. Qf3
Qb6 22. h3 Rg5 23. Qe2 Qc6 24. f3 Nf5 25. Nxg5 fxg5 26. Qd2 Ne3 27. Rf2 h5 28.
c3 h4 29. Be2 g4 30. hxg4 Nxg2 31. Kxg2 Qc7 32. Kg1 h3 33. Qh6 Qh7 34. Qxh7+
Kxh7 35. cxd4 Kg7 36. Rc1 Kf6 37. Rh2 Rh8 38. Rc5 Ba8 39. g5+ Ke6 40. Kf2 Bd5
41. Kg3 Rh5 42. f4 Bg2 43. Bxh5 gxh5 44. Rxh3 Bxh3 45. Kxh3 Kd6 46. Re5 Kc6 47.
g6 a5 48. g7 b4 49. g8=Q h4 50. Qd5+ Kc7 51. Qxa5+ Kc6 52. Qc5+ Kd7 53. Rh5 Ke6
54. Qb6+ Kf7 55. Rh7+ Kg8 56. Ra7 Kh8 57. Qb8# 1-0

[Event "Challenge"]
[Site "http://www.queenalice.com/game.php?id=1399833"]
[Date "2015.12.21"]
[Round "-"]
[White "whitehope"]
[Black "Schichtl"]
[Result "0-1"]
[WhiteElo "1483"]
[BlackElo "1697"]

1. e4 e5 2. c4 c5 3. Nf3 f6 4. h3 Nc6 5. Nc3 Nge7 6. d3 Ng6 7. Be2 Nf4 8. Bxf4
exf4 9. Nd5 d6 10. a3 Ne7 11. Qa4+ Bd7 12. Qb3 Qa5+ 13. Qc3 Qd8 14. Nxf6+ gxf6
15. Qxf6 Rg8 16. e5 Ng6 17. Qg5 Qxg5 18. Nxg5 Rg7 19. e6 Bc6 20. O-O h6 21. Nf7
Ke7 22. Bg4 Nh4 23. f3 Ng6 24. Rae1 Ba4 25. Nxh6 Rh7 26. Nf5+ Ke8 27. d4 Bb3 28.
dxc5 Bxc4 29. Rf2 dxc5 30. Re4 b5 31. h4 Rxh4 32. Nxh4 Nxh4 33. Rxf4 Bd6 34. Rf7
Ng6 35. Rd7 Bg3 36. Re2 Ne5 37. Bh5+ Nf7 38. Bxf7+ Kf8 39. Red2 Kg7 40. Bh5+ Kh6
41. Bg4 Re8 42. e7 Bh4 43. R7d6+ Kg7 44. Rd8 Rxe7 45. R8d7 Kf6 46. R2d6+ Ke5 47.
Rxe7+ Kxd6 48. Rxa7 Ke5 49. Rc7 Kd4 50. Rd7+ Ke3 51. f4 Kxf4 52. Bf3 Ke3 53. Rc7
Bf2+ 54. Kh2 Kf4 55. Kh3 Be6+ 56. Kh2 Bg3+ 57. Kg1 Bh4 58. Rxc5 Kg3 59. Rxb5 Bf6
60. b4 Bc4 61. Rf5 Bd4+ 62. Kh1 Bf1 63. Rg5+ Kf2 64. Rd5 Ke3 65. b5 Bc4 66. Rg5
Kf4 67. Rg4+ Ke3 68. b6 Kd3 69. b7 Be5 70. Rg8 Bxg8 71. a4 Ke3 72. a5 Bc4 73.
Kg1 Bb8 74. g3 Bxg3 75. Kg2 Bb8 76. Bc6 Kd4 77. Bd7 Bd5+ 78. Kh3 Bxb7 79. Bb5
Bc8+ 80. Kg2 Ke3 81. Kf1 Bg3 82. a6 Bh3+ 83. Kg1 Bf2+ 84. Kh2 Bf5 85. a7 Be4 86.
Kh3 Kf4 87. Bf1 Bxa7 88. Bg2 Bf5+ 89. Kh4 Bg4 90. Bh3 Bf2# 0-1

[Event "Challenge"]
[Site "http://www.queenalice.com/game.php?id=1401264"]
[Date "2015.12.30"]
[Round "-"]
[White "naugard47"]
[Black "Schichtl"]
[Result "0-1"]
[WhiteElo "1699"]
[BlackElo "1648"]

1. e4 e5 2. Nf3 f6 3. Bc4 c6 4. a3 b5 5. Bxg8 Rxg8 6. d4 d6 7. d5 c5 8. c3 Qa5
9. b4 Qc7 10. bxc5 Qxc5 11. h3 Qc7 12. O-O Ba6 13. Re1 Nd7 14. Be3 g6 15. a4 Kf7
16. Ng5+ fxg5 17. Qf3+ Nf6 18. Bxg5 Be7 19. Bh6 g5 20. Qf5 Ke8 21. Bxg5 Bc8 22.
Qf3 Rxg5 23. g4 h5 24. Re3 hxg4 25. Qg3 Nh5 26. Qh2 gxh3+ 27. Kf1 Nf4 28. Rg3
Qc4+ 0-1

[Event "Challenge"]
[Site "http://www.queenalice.com/game.php?id=1402332"]
[Date "2016.1.5"]
[Round "-"]
[White "Schichtl"]
[Black "naugard47"]
[Result "1/2-1/2"]
[WhiteElo "1686"]
[BlackElo "1721"]

1. e4 e5 2. g3 a6 3. d3 h6 4. Nc3 Bb4 5. a3 Ba5 6. b4 Bb6 7. Qg4 Qf6 8. Nh3 Ne7
9. Be2 d6 10. Qf3 Bxh3 11. g4 Qxf3 12. Bxf3 h5 13. gxh5 Nbc6 14. Ne2 Bd4 15. c3
Bb6 16. Rg1 g6 17. h6 O-O-O 18. Rg3 Be6 19. c4 Nd4 20. Nxd4 Bxd4 21. Rb1 Ng8 22.
b5 a5 23. Bd2 b6 24. Bg5 Re8 25. Be2 f6 26. Bd2 g5 27. Bh5 Re7 28. Bf3 Rxh6 29.
Rg2 Reh7 30. Ke2 Rxh2 31. Rbg1 Ne7 1/2-1/2

[Event "Challenge"]
[Site "http://www.queenalice.com/game.php?id=1411437"]
[Date "2016.2.28"]
[Round "-"]
[White "whitehope"]
[Black "Schichtl"]
[Result "0-1"]
[WhiteElo "1514"]
[BlackElo "1715"]

1. e4 g6 2. e5 e6 3. d4 Ne7 4. Qf3 Nbc6 5. c3 b6 6. Bg5 h6 7. Qh3 Bg7 8. Bf6
Bxf6 9. exf6 Nf5 10. g4 Nd6 11. g5 h5 12. Bd3 Bb7 13. f3 Nf5 14. Bxf5 exf5 15.
f4 Na5 16. Nd2 Bxh1 17. O-O-O O-O 18. Ne2 Bd5 19. b3 Qe8 20. Qf1 Qe6 21. c4 Bb7
22. d5 Qe3 23. Kc2 Rae8 24. Re1 Ba6 25. Nc3 Qxe1 26. Qxe1 Rxe1 27. a3 Rh1 28. b4
Nxc4 29. Nxc4 Bxc4 30. b5 Rxh2+ 31. Kd1 Re8 0-1

[Event "Challenge"]
[Site "http://www.queenalice.com/game.php?id=1411438"]
[Date "2016.2.28"]
[Round "-"]
[White "Lokdienst"]
[Black "Schichtl"]
[Result "0-1"]
[WhiteElo "1578"]
[BlackElo "1704"]

1. h4 Nf6 2. d3 c6 3. e4 e5 4. Bg5 h6 5. Bxf6 Qxf6 6. g3 Bc5 7. Nh3 d6 8. c3
Bxh3 9. d4 Bxf1 10. Rxf1 exd4 11. b4 Bb6 12. c4 O-O 13. Nd2 Re8 14. a4 d5 15. c5
Bc7 16. f3 Na6 17. Rb1 Bxg3+ 18. Ke2 Qxh4 19. Rh1 Qf4 20. b5 Nxc5 21. a5 d3+ 22.
Kf1 dxe4 23. Rb4 Qf5 24. Kg2 Bf4 25. Rh4 Bxd2 26. Qxd2 Qxf3+ 27. Kg1 Qg3+ 28.
Kf1 Qxh4 29. a6 bxa6 30. bxc6 Qh3+ 31. Qg2 Qxg2+ 32. Kxg2 e3 33. c7 e2 34. Rc4
e1=Q 35. c8=Q Raxc8 36. Re4 Qxe4+ 37. Kf2 Re5 38. Kf1 Rf5+ 39. Kg1 Qg4+ 40. Kh2
Rh5# 0-1